Eficacia de las terapias en salud mental

Kaydedildi:
Detaylı Bibliyografya
Yazar: Guimón, José
Materyal Türü: Kitap
Dil:İspanyolca
Baskı/Yayın Bilgisi: Bilbao Desclée De Brouwer 2004
Konular:
Etiketler: Etiketle
Etiket eklenmemiş, İlk siz ekleyin!

MARC

LEADER 00000nam a22000005a 4500
003 CL-ChBUA
005 20120815095542.0
008 111201s2004 sp ||||| |||| 000 ||spa
020 |a 8433019058 
040 |a CL-ChBUA  |c CL-ChBUA 
082 0 0 |a 616.89 
090 |c 29247  |d 29247 
100 1 |a Guimón, José 
245 1 0 |a Eficacia de las terapias en salud mental 
260 |a Bilbao  |b Desclée De Brouwer  |c 2004 
300 |a 293 p.  |c 21 cm. 
504 |a índice, bibl. 
650 4 |a SALUD MENTAL 
650 4 |a ENFERMERIA PSIQUIATRICA 
942 |c LIB 
952 |0 0  |1 0  |4 0  |7 0  |9 68205  |a UNACH  |b UNACH  |c 600  |d 2011-12-01  |i 48.484  |l 1  |o 616.89 / G 963  |p 69337  |r 2018-05-15 00:00:00  |s 2014-07-03  |u 68205  |w 2012-08-08  |y LIB  |k 616.89 / G 963 
999 |c 29247  |d 29247